000 00699nam a22002057a 4500
001 84847
003 BD-RjUL
005 20250423111405.0
008 240422s1963 pk ||||| |||| 00| 0 urd d
035 _a(BD-RjUL) 84847
040 _aBD-RjUL
_beng
_cBD-RjUL
041 _aurd
082 _223
_a891.43909
_bSAT 1963
100 _a‏سرور، آل احمد،‏, Sarwar, Al Ahmad
_d1911-2002
_912398
245 1 0 _aتنقیدی اشارے : / Tanqīdī ishāre /
_cآل احمد سرور.;; Al Ahmad Sarwar
260 _aاردو اکیڈمی سندھ ;; Urdu Academy Sindh ,
_b سندھSindh :
_c1963
300 _a255 p. ;
_c18 cm
650 _aUrdu Litarature
_vCriticism
_912399
942 _2ddc
_cBK
999 _c84847
_d84847